000 00470nam a2200181Ia 4500
003 OSt
005 20230701115218.0
008 210423s9999 xx 000 0 und d
040 _cAL
041 _aeng
082 _a364
_223
_bGOUL
100 _aGOUSALUES (Colin).
_9117388
245 _aLeading cases on prisoueus rights.
260 _aNew Delhi
_bLearners Press
_c2006
300 _av,26
_bPB
906 _acases ; Leading ; prisoueus ; rights.
942 _2ddc
_cBK
999 _c174558
_d174558